Global trends in teacher education / (Record no. 5268)

MARC details
000 -LEADER
fixed length control field 00536 a2200169 4500
010 ## - LCCN (DPL NO)
LC control number ENG-86800
020 ## - INTERNATIONAL STANDARD BOOK NUMBER
Terms of availability 595.00
International Standard Book Number 8131301656
035 ## - SYSTEM CONTROL NUMBER
System control number EN-70333
037 ## - SOURCE OF ACQUISITION
Source of stock number/acquisition DBAD / PUB
082 00 - DEWEY DECIMAL CLASSIFICATION NUMBER
Classification number 371.122
245 10 - TITLE STATEMENT
Title Global trends in teacher education /
Statement of responsibility, etc ed. by N. Ramnath Kishan
260 ## - PUBLICATION, DISTRIBUTION, ETC. (IMPRINT)
Place of publication, distribution, etc New Delhi
Name of publisher, distributor, etc A P H Publishing
Date of publication, distribution, etc 2007
270 ## - ADDRESS
Address 5, Ansari Road, Darya Ganj
City New Delhi
Electronic mail address aphbooks@vsnl.net
Postal code 110 002
300 ## - PHYSICAL DESCRIPTION
Extent xi, 218p
Dimensions 21 cm (Hb)
700 ## - ADDED ENTRY--PERSONAL NAME
Personal name N. Ramnath Kishan
942 ## - ADDED ENTRY ELEMENTS (KOHA)
Institution code [OBSOLETE] dpl
Item type English Books
Source of classification or shelving scheme Dewey Decimal Classification
Classification part 371.122
Call number suffix GLO
Holdings
Withdrawn status Lost status Not for loan Collection code Home library Current library Source of acquisition Cost, normal purchase price Full call number Barcode Copy number Cost, replacement price Koha item type
    Not For Loan Non-fiction D.B.Act.Division D.B.Act.Division DBAD/PUB 595.00 371.122 GLO EN-70333 1 595.00 English Books

© Delhi Public Library
Hit Counter
free hit counter